Príprava študentov a ich uvádzanie do praxe z pohľadu učiteľa-metodika

Bibliographic Details
Main Author: Belousovová, Anna, 1959- (Author)
Format: Article
Language:Slovak
PhysicalDescription:Res. rus., angl.
Subjects:

MARC

LEADER 00000nab a2200000 a 4500
001 vtls000392180
003 SK-MaSNL
005 20260305024301.0
008 111202c1989 xo 0 slo
015 |a SNBRA19rr/mm-uuuuu 
035 |a CL0392304 
040 |a SNKBUCL  |b slo  |c SNKBUCL  |e AACR2 
041 0 |a slo 
044 |a xo  |c SK 
080 |a 371.13:37.02  |2 1981 
080 |a 37.02  |2 1981 
080 |a 378.4.096  |2 1981 
080 |a 37  |2 1981 
100 1 |a Belousovová, Anna,  |d 1959-  |4 aut  |9 73963 
245 1 0 |a Príprava študentov a ich uvádzanie do praxe z pohľadu učiteľa-metodika  |c Anna Malíková 
300 |b Res. rus., angl. 
650 0 7 |a vysokoškolskí študenti  |2 snkbucl  |9 3981 
650 0 7 |a pedagogické fakulty  |2 snkbucl  |9 68198 
655 7 |a články zo zborníkov  |2 snkbucl  |9 166140 
773 0 |t Zborník Pedagogickej fakulty v Prešove Univerzity P.J. Šafárika v Košiciach. Spoločenské vedy. Roč. 19. Zv. 2  |d Bratislava : SPN, 1989  |g S. 81-83 
850 |a Slovenská národná knižnica v Martine  |a MTA001 
852 |a SNK  |b KIS3GCP 
958 |a RK 
992 |a RZB 
999 |c 3301397  |d 3303327